000 00347nam a2200157Ia 4500
003 Ost
005 20260225132549.0
008 260225s9999||||xx |||||||||||||| ||und||
040 _cfsic
041 _afre
082 _a440
100 _aAbedlhamid bensine
_eAuteur
245 0 _aLa montagne /
245 0 _cAbedlhamid bensine
942 _cكتاب
999 _c34034
_d34034